00346nam a2200157Ia 4500001000500000005001700005008004100022041000800063082001300071100003400084245001700118260000900135300002800144650000800172654000800180339420260306145640.0260306t2019||||xx |||||||||||||| ||spa|| aESP a272bG45 aGil-Tamayo, Juan AntonioeAUT 0aPatrología c2019 a240 páginas :c24 cm. aGEN aCHU